000 00596nam a2200229Ia 4500
003 OSt
005 20220928102103.0
006 a|||||r|||| 00| 0
007 ta
008 220927b |||||||| |||| 00| 0 eng d
024 _a32753
037 _cTextual
040 _aSDCL
_cSDCL
_beng
041 _2eng
_aeng
082 _aO152:gx, N0
100 _aMishra Bhagiratha
_9396523
245 0 _aKavya- ras.
260 _aVaranasi
_bVishvavidyalaya Prakashan
_c1990
300 _a141p.
_ccm.
942 _hO152:gx, N0
_cTEXL
_2CC
999 _c712258
_d712258